banner-ar

UNDERSTANDING DBASE IV 1.5 FOR DOS 3ED ED / (Record no. 10369)

MARC details
000 -الفاتح
حقل البيانات ثابتة الطول 00484nam a2200169Ia 4500
008 - عناصر البيانات ثابتة الطول - معلومات عامة
حقل البيانات ثابتة الطول 140319s9999 xx 000 0 eng d
040 ## - مصدر الفهرسة
وكالة الفهرسة الأصلية GCL /
وكالة النسخ GCL
082 04 - رقم تصنيف ديوى العشرى
رقم التصنيف 005.7565
رقم المادة SU
100 1# - المدخل الرئيسى - إسم شخصى
الإسم الشخصى SIMPSON, ALAN
245 10 - بيان العنوان
العنوان UNDERSTANDING DBASE IV 1.5 FOR DOS 3ED ED /
بيان المسئوليه,etc SIMPSON, ALAN
260 ## - PUBLICATION, DISTRIBUTION, ETC. (IMPRINT)
تاريخ النشر أو التوزيع 1992
300 ## - الوصف المادى
التعداد 1002 P
650 04 - المدخل الاضافى بالموضوع-مصطلح موضوعى
مصطلح موضوعي DBASE IV 2.0 (COMPUTER PROGRM )
650 04 - المدخل الاضافى بالموضوع-مصطلح موضوعى
مصطلح موضوعي DOS DEVICE DRIVERS (COMPUTER PROGRAM )
942 ## - عناصر المدخل الإضافي( كوها)
مصدر التصنيف او مخطط الترفيف Dewey Decimal Classification
Koha [default] item type كتاب
260 ## - PUBLICATION, DISTRIBUTION, ETC. (IMPRINT)
-- [S.N] :
-- SYBEX INC. ،
Holdings
حالة التراجع حالة الفقد حالة تلف ليس للاعارة المكان المؤقت الموقع الحالى تاريخ الاكتساب اجمالي اﻻعارات رقم الطلب الباركود تاريخ اخر مشاهدة تاريخ تفعيل السعر نوع وعاء كوها
        مكتبة القاهرة الكبرى مكتبة القاهرة الكبرى 03/26/2014   005.7565\SU 21074 03/26/2014 03/26/2014 كتاب

Powered By

EGPV